[Event "Titled Tuesday intern op 08th Nov Early"]
[Site "Chess.com INT"]
[Date "2022.11.08"]
[Round "2"]
[White "Wiegmann, Sascha"]
[Black "Cella, Glaucio Dalla Cortt"]
[Result "1-0"]
[WhiteElo "2289"]
[BlackElo "1894"]
[PlyCount "123"]
[EventDate "2022.11.08"]
[EventType "swiss (blitz)"]
[EventRounds "11"]
[EventCountry "USA"]
[SourceTitle "EXT 2024"]
[Source "ChessBase"]
[SourceDate "2023.10.10"]
[SourceVersion "1"]
[SourceVersionDate "2023.10.10"]
[SourceQuality "1"]

1. Nf3 c5 2. g3 e6 3. Bg2 Nf6 4. 0-0 d5 5. d3 Nc6 6. Nbd2 Be7 7. e4 dxe4 8. dxe4 e5 9. c3 0-0 10. Qe2 Qc7 11. Nc4 b5 12. Ne3 a6 13. Nd5 Qd6 14. Rd1 Bg4 15. Bg5 Nxd5 16. exd5 Bxg5 17. dxc6 Qxc6 18. h3 Bxf3 19. Bxf3 e4 20. Qxe4 Qxe4 21. Bxe4 Rae8 22. Bb7 Re6 23. Rd5 Bf6 24. Rxc5 Re2 25. Bxa6 Rxb2 26. Bxb5 Bxc3 27. Rxc3 Rxb5 28. a4 Ra5 29. Rc4 Rfa8 30. Kg2 Kf8 31. h4 Ke7 32. Kf3 f6 33. Re4+ Kd6 34. Kf4 g6 35. Rd1+ Kc5 36. Rdd4 f5 37. Rc4+ Kd5 38. Red4+ Ke6 39. Kg5 Kf7 40. Rc7+ Kg8 41. Kh6 R5a7 42. Rdd7 Rxc7 43. Rxc7 Rxa4 44. Rg7+ Kf8 45. Rxh7 Rg4 46. Rg7 f4 47. Rxg6 Rxg6+ 48. Kxg6 fxg3 49. fxg3 Kg8 50. h5 Kh8 51. g4 Kg8 52. g5 Kh8 53. Kh6 Kg8 54. g6 Kh8 55. Kg5 Kg8 56. h6 Kh8 57. Kf6 Kg8 58. h7+ Kh8 59. g7+ Kxh7 60. Kf7 Kh6 61. g8Q Kh5 62. Qg3 1-0

[Event "Titled Tuesday intern op 25th Oct Late"]
[Site "Chess.com INT"]
[Date "2022.10.25"]
[Round "2"]
[White "Bilan, Danila"]
[Black "Wiegmann, Sascha"]
[Result "1-0"]
[WhiteElo "2303"]
[BlackElo "2280"]
[PlyCount "29"]
[EventDate "2022.10.25"]
[EventType "swiss (blitz)"]
[EventRounds "11"]
[EventCountry "USA"]
[SourceTitle "EXT 2024"]
[Source "ChessBase"]
[SourceDate "2023.10.10"]
[SourceVersion "1"]
[SourceVersionDate "2023.10.10"]
[SourceQuality "1"]

1. d4 Nf6 2. Nf3 g6 3. Bg5 Bg7 4. Nbd2 d5 5. e3 Nbd7 6. c4 dxc4 7. Bxc4 0-0 8. 0-0 c5 9. Rc1 b6 10. Qe2 Bb7 11. Rfd1 Ne4 12. Nxe4 Bxe4 13. dxc5 Bxf3 14. gxf3 Qc8 15. Ba6 1-0

[Event "Titled Tuesday intern op 25th Oct Late"]
[Site "Chess.com INT"]
[Date "2022.10.25"]
[Round "11"]
[White "Estrada Nieto, Julian"]
[Black "Wiegmann, Sascha"]
[Result "0-1"]
[WhiteElo "2264"]
[BlackElo "2280"]
[PlyCount "108"]
[EventDate "2022.10.25"]
[EventType "swiss (blitz)"]
[EventRounds "11"]
[EventCountry "USA"]
[SourceTitle "EXT 2024"]
[Source "ChessBase"]
[SourceDate "2023.10.10"]
[SourceVersion "1"]
[SourceVersionDate "2023.10.10"]
[SourceQuality "1"]

1. e4 c5 2. Nf3 d6 3. d4 cxd4 4. Qxd4 Nc6 5. Bb5 Bd7 6. Bxc6 bxc6 7. Nc3 e5 8. Qd3 Be7 9. 0-0 Nf6 10. b3 0-0 11. Bg5 Be6 12. Bxf6 Bxf6 13. Rfd1 Be7 14. Na4 Qa5 15. c4 Rab8 16. Qc3 Rb4 17. Nb2 Rb5 18. Qxa5 Rxa5 19. Nd3 c5 20. Nb2 Rb8 21. Na4 Bxc4 22. Nc3 Be6 23. Nd2 Bf8 24. Kf1 Rb4 25. Ke2 Rd4 26. Nf3 f6 27. h3 Rxd1 28. Rxd1 c4 29. b4 Ra3 30. Rc1 Kf7 31. Rc2 Bd7 32. Nd2 d5 33. Nxd5 c3 34. Nb1 Bb5+ 35. Ke3 Ra4 36. Nbxc3 Ra3 37. Kd2 Bc4 38. Ne3 Be6 39. Ncd5 Ra4 40. Rc7+ Kg6 41. Rc2 Bxb4+ 42. Nxb4 Rxb4 43. f3 Ra4 44. Nd5 Ra5 45. Nc7 Bf7 46. g4 Rxa2 47. Rxa2 Bxa2 48. Ke3 Kg5 49. Nb5 a6 50. Nd6 a5 51. Ne8 g6 52. Nd6 Be6 53. Nb5 a4 54. Na3 Kh4 0-1

[Event "Titled Tuesday intern op 25th Oct Late"]
[Site "Chess.com INT"]
[Date "2022.10.25"]
[Round "9"]
[White "Wiegmann, Sascha"]
[Black "Mikhalsky, Vladimir"]
[Result "1-0"]
[WhiteElo "2280"]
[BlackElo "2269"]
[PlyCount "135"]
[EventDate "2022.10.25"]
[EventType "swiss (blitz)"]
[EventRounds "11"]
[EventCountry "USA"]
[SourceTitle "EXT 2024"]
[Source "ChessBase"]
[SourceDate "2023.10.10"]
[SourceVersion "1"]
[SourceVersionDate "2023.10.10"]
[SourceQuality "1"]

1. Nf3 c5 2. g3 Nc6 3. Bg2 e5 4. e4 g6 5. 0-0 Bg7 6. c3 Nge7 7. Na3 0-0 8. d4 cxd4 9. cxd4 exd4 10. Nb5 Qb6 11. Nd6 Na5 12. e5 Nec6 13. Bf4 Qxb2 14. Rb1 Qxa2 15. Nxd4 Bxe5 16. Nxc6 Nxc6 17. Bxc6 Bxf4 18. Nxc8 bxc6 19. Ne7+ Kg7 20. gxf4 Qe6 21. Re1 Qf6 22. Qxd7 Qxf4 23. Nxc6 Qg5+ 24. Kh1 a5 25. Qd4+ Qf6 26. Qxf6+ Kxf6 27. Ra1 a4 28. Ra3 Rfc8 29. Nd4 Rc4 30. Nb5 Rf4 31. Kg2 Ra5 32. Nc3 Rg5+ 33. Kf1 Rgf5 34. Re2 Rh4 35. Rxa4 Rxh2 36. Ne4+ Kg7 37. Ng3 Rb5 38. Kg1 Rh6 39. Rf4 Rg5 40. Kg2 Rc5 41. Re7 g5 42. Rfxf7+ Kg6 43. Ra7 Re5 44. Rfb7 g4 45. Rb6+ Kg5 46. Rg7+ Rg6 47. Rbxg6+ hxg6 48. Ra7 Rc5 49. Ra4 Kh6 50. Rxg4 Rc6 51. Ne4 Ra6 52. Kf3 Ra3+ 53. Kg2 Ra2 54. Ng3 Ra3 55. Re4 Ra2 56. Re2 Ra3 57. Re3 Ra4 58. Kf3 Kg5 59. Re5+ Kf6 60. Re3 Ra1 61. Ne2 Ra4 62. Nf4 g5 63. Ne2 Kf5 64. Ng3+ Kg6 65. Rb3 g4+ 66. Kg2 Kg5 67. Rb5+ Kf4 68. Rf5# 1-0

[Event "Titled Tuesday intern op 25th Oct Late"]
[Site "Chess.com INT"]
[Date "2022.10.25"]
[Round "7"]
[White "Wiegmann, Sascha"]
[Black "Omariev, Maksim"]
[Result "1/2-1/2"]
[WhiteElo "2280"]
[BlackElo "2304"]
[PlyCount "103"]
[EventDate "2022.10.25"]
[EventType "swiss (blitz)"]
[EventRounds "11"]
[EventCountry "USA"]
[SourceTitle "EXT 2024"]
[Source "ChessBase"]
[SourceDate "2023.10.10"]
[SourceVersion "1"]
[SourceVersionDate "2023.10.10"]
[SourceQuality "1"]

1. Nf3 d5 2. g3 c6 3. Bg2 Nf6 4. 0-0 Bf5 5. d3 e6 6. Nbd2 Be7 7. c4 h6 8. a3 Bh7 9. b4 0-0 10. Bb2 Nbd7 11. Ra2 a5 12. b5 cxb5 13. cxb5 Qb6 14. a4 Rfc8 15. Nb3 Bb4 16. Qb1 Rc7 17. Rc1 Rac8 18. Bd4 Qd6 19. Rac2 e5 20. Rxc7 Rxc7 21. Rxc7 Qxc7 22. Bb2 d4 23. Nfd2 Nb6 24. Qc1 Qxc1+ 25. Bxc1 Nfd5 26. Bxd5 Nxd5 27. Nc4 Nc3 28. Kf1 Nxa4 29. Nbxa5 Bxa5 30. Nxa5 b6 31. Nc4 f6 32. f4 e4 33. dxe4 Bxe4 34. Bd2 Bd5 35. Nd6 g6 36. Bb4 f5 37. Ke1 Kg7 38. Kd2 Be4 39. Nc4 Kf6 40. Bd6 Ke6 41. Be5 Kd5 42. Nd6 g5 43. h4 g4 44. h5 Nc5 45. Nf7 Bb1 46. Nxh6 Ke6 47. Ng8 Ne4+ 48. Ke1 Kf7 49. Nh6+ Ke6 50. Ng8 Kf7 51. Nh6+ Ke6 52. Ng8 1/2-1/2

[Event "Titled Tuesday intern op 18th Oct Late"]
[Site "Chess.com INT"]
[Date "2022.10.18"]
[Round "10"]
[White "Can, Melih Kaan"]
[Black "Wiegmann, Sascha"]
[Result "1-0"]
[WhiteElo "2093"]
[BlackElo "2280"]
[PlyCount "71"]
[EventDate "2022.10.18"]
[EventType "swiss (blitz)"]
[EventRounds "11"]
[EventCountry "USA"]
[SourceTitle "EXT 2024"]
[Source "ChessBase"]
[SourceDate "2023.10.10"]
[SourceVersion "1"]
[SourceVersionDate "2023.10.10"]
[SourceQuality "1"]

1. d4 Nf6 2. c4 g6 3. Nc3 Bg7 4. e4 0-0 5. Nf3 d6 6. Be2 e5 7. 0-0 Nc6 8. d5 Ne7 9. Ne1 Nd7 10. Be3 f5 11. f3 f4 12. Bf2 g5 13. Nd3 Rf7 14. c5 Ng6 15. Rc1 Nf6 16. cxd6 cxd6 17. Nb5 h5 18. Qc2 g4 19. Nc7 Rb8 20. Ne6 Bxe6 21. dxe6 Re7 22. Nb4 g3 23. hxg3 fxg3 24. Bxg3 Bh6 25. Nd5 Nxd5 26. exd5 Rg7 27. Qf5 h4 28. Bh2 Qb6+ 29. Kh1 Bxc1 30. Rxc1 Qxb2 31. Qc2 Qb6 32. Bd3 Nf4 33. Bxf4 exf4 34. Bf5 Qd4 35. Qc8+ Rxc8 36. Rxc8# 1-0

[Event "Titled Tuesday intern op 11th Oct Early"]
[Site "Chess.com INT"]
[Date "2022.10.11"]
[Round "7"]
[White "Kiseljova, Marya"]
[Black "Wiegmann, Sascha"]
[Result "0-1"]
[WhiteElo "2031"]
[BlackElo "2280"]
[PlyCount "74"]
[EventDate "2022.10.11"]
[EventType "swiss (blitz)"]
[EventRounds "11"]
[EventCountry "USA"]
[SourceTitle "EXT 2024"]
[Source "ChessBase"]
[SourceDate "2023.10.10"]
[SourceVersion "1"]
[SourceVersionDate "2023.10.10"]
[SourceQuality "1"]

1. d4 c5 2. d5 Nf6 3. c4 b5 4. cxb5 a6 5. e3 d6 6. Nc3 g6 7. a4 Bg7 8. e4 0-0 9. Bd3 axb5 10. Nxb5 Ba6 11. Qe2 Nbd7 12. Nf3 Nxe4 13. Bxe4 Qa5+ 14. Bd2 Bxb5 15. Bxa5 Bxe2 16. Kxe2 Rxa5 17. Ra2 Rb8 18. Rb1 Rb4 19. Bc2 Nb6 20. b3 Nxd5 21. Kd2 Nc3 22. Raa1 Nxb1+ 23. Rxb1 c4 24. bxc4 Rxb1 25. Bxb1 Rxa4 26. Bd3 Ra2+ 27. Ke3 Kf8 28. h4 Bh6+ 29. Ke4 Rxf2 30. g4 Bg7 31. h5 gxh5 32. gxh5 h6 33. Kf4 e6 34. Kg3 Ra2 35. Kf4 Bf6 36. Ne1 Ke7 37. Ng2 Rxg2 0-1

[Event "Titled Tuesday intern op 04th Oct Early"]
[Site "Chess.com INT"]
[Date "2022.10.04"]
[Round "9"]
[White "Wiegmann, Sascha"]
[Black "Bilan, Danila"]
[Result "0-1"]
[WhiteElo "2280"]
[BlackElo "2303"]
[PlyCount "120"]
[EventDate "2022.10.04"]
[EventType "swiss (blitz)"]
[EventRounds "11"]
[EventCountry "USA"]
[SourceTitle "EXT 2023"]
[Source "ChessBase"]
[SourceDate "2022.10.05"]
[SourceVersion "1"]
[SourceVersionDate "2022.10.05"]
[SourceQuality "1"]

1. Nf3 d5 2. g3 Nf6 3. Bg2 c5 4. 0-0 Nc6 5. d3 Bg4 6. Nbd2 e6 7. c4 Be7 8. a3 0-0 9. cxd5 exd5 10. b3 d4 11. Bb2 Nd5 12. Rc1 Rc8 13. Rc2 Bf6 14. Rxc5 Nc3 15. Bxc3 dxc3 16. Ne4 Bd4 17. Rc4 b5 18. Rxc6 Rxc6 19. Qc2 Rc8 20. b4 Bxf3 21. Bxf3 a5 22. Rb1 f5 23. Nc5 Bxc5 24. bxc5 Rxc5 25. Rb3 Qd4 26. e3 Qa4 27. d4 Rcc8 28. Bd1 b4 29. axb4 axb4 30. Rxc3 Qxc2 31. Rxc2 Rxc2 32. Bxc2 Rc8 33. Bxf5 Rc1+ 34. Kg2 b3 35. Be6+ Kf8 36. Bxb3 Ke7 37. Bd5 Kd6 38. Be4 h6 39. h4 Rc3 40. g4 Rc7 41. f4 Re7 42. Kf3 Ra7 43. g5 hxg5 44. hxg5 Ra1 45. f5 Ke7 46. Kf4 Rf1+ 47. Ke5 Rf2 48. Bd5 Rf1 49. e4 Rf2 50. Bc4 Rc2 51. Bb3 Rc3 52. Bg8 Rc8 53. d5 Rxg8 54. f6+ gxf6+ 55. gxf6+ Kf7 56. d6 Rg5+ 57. Kf4 Kxf6 58. d7 Rg8 59. e5+ Ke6 60. Ke4 Kxd7 0-1

[Event "Titled Tuesday intern op 04th Oct Early"]
[Site "Chess.com INT"]
[Date "2022.10.04"]
[Round "4"]
[White "Wiegmann, Sascha"]
[Black "Fernandez Garcia, Gumersindo"]
[Result "1-0"]
[WhiteElo "2280"]
[BlackElo "2172"]
[PlyCount "97"]
[EventDate "2022.10.04"]
[EventType "swiss (blitz)"]
[EventRounds "11"]
[EventCountry "USA"]
[SourceTitle "EXT 2023"]
[Source "ChessBase"]
[SourceDate "2022.10.05"]
[SourceVersion "1"]
[SourceVersionDate "2022.10.05"]
[SourceQuality "1"]

1. Nf3 Nf6 2. g3 g6 3. Bg2 Bg7 4. 0-0 0-0 5. d4 d6 6. c4 Nbd7 7. Nc3 e5 8. e4 Re8 9. Re1 exd4 10. Nxd4 a6 11. Bg5 Rb8 12. Rc1 c5 13. Nc2 Ne5 14. b3 b5 15. cxb5 axb5 16. Nd5 h6 17. Bxf6 Bxf6 18. Nxf6+ Qxf6 19. Ne3 b4 20. f4 Nc6 21. e5 dxe5 22. Rxc5 Bb7 23. Ng4 Qe7 24. Rd5 Rbd8 25. Nxh6+ Kg7 26. Ng4 f5 27. Nxe5 Rxd5 28. Qxd5 Nxe5 29. Qxe5+ Qxe5 30. Rxe5 Rxe5 31. fxe5 Bxg2 32. Kxg2 Kf7 33. Kf3 g5 34. Ke3 Ke6 35. Kd4 g4 36. Kd3 Kxe5 37. Kc4 Ke4 38. Kxb4 Kf3 39. a4 Kg2 40. a5 Kxh2 41. a6 f4 42. a7 fxg3 43. a8Q g2 44. Qh8+ Kg3 45. Qe5+ Kh3 46. Qe3+ Kh2 47. Qf4+ Kh3 48. Qd4 g3 49. Qg1 1-0

[Event "Titled Tuesday intern op 04th Oct Early"]
[Site "Chess.com INT"]
[Date "2022.10.04"]
[Round "5"]
[White "Wiegmann, Sascha"]
[Black "Ilkhomi, Jaloliddin"]
[Result "1-0"]
[WhiteElo "2280"]
[BlackElo "2145"]
[PlyCount "53"]
[EventDate "2022.10.04"]
[EventType "swiss (blitz)"]
[EventRounds "11"]
[EventCountry "USA"]
[SourceTitle "EXT 2023"]
[Source "ChessBase"]
[SourceDate "2022.10.05"]
[SourceVersion "1"]
[SourceVersionDate "2022.10.05"]
[SourceQuality "1"]

1. Nf3 Nf6 2. g3 b6 3. Bg2 Bb7 4. 0-0 e6 5. d4 d5 6. Bf4 Bd6 7. Bxd6 Qxd6 8. Nbd2 Nbd7 9. c4 0-0 10. Rc1 Rac8 11. Ne5 Nxe5 12. c5 bxc5 13. dxe5 Qxe5 14. Rxc5 Nd7 15. Ra5 Qxb2 16. e4 Qb6 17. Qa4 a6 18. Rb1 Qa7 19. Qxd7 Rfd8 20. Qa4 dxe4 21. Nxe4 Rd4 22. Qc2 Rcd8 23. h4 Kh8 24. Rh5 h6 25. Ng5 Be4 26. Bxe4 Rd2 27. Rxh6+ 1-0

[Event "Titled Tuesday intern op 14th Dec"]
[Site "Chess.com INT"]
[Date "2021.12.14"]
[Round "10"]
[White "Wiegmann, Sascha"]
[Black "Roque Sola, Gisela"]
[Result "1-0"]
[WhiteElo "2280"]
[BlackElo "2057"]
[PlyCount "53"]
[EventDate "2021.12.14"]
[EventType "swiss (blitz)"]
[EventRounds "11"]
[EventCountry "USA"]
[SourceTitle "EXT 2023"]
[Source "ChessBase"]
[SourceDate "2022.10.05"]
[SourceVersion "1"]
[SourceVersionDate "2022.10.05"]
[SourceQuality "1"]

1. Nf3 Nf6 2. g3 e6 3. Bg2 c5 4. 0-0 Nc6 5. d3 Be7 6. Nbd2 0-0 7. e4 d6 8. Re1 Nd7 9. c3 f5 10. exf5 exf5 11. d4 cxd4 12. Nxd4 Nxd4 13. cxd4 Bf6 14. Nf3 Re8 15. Qb3+ Kh8 16. Rxe8+ Qxe8 17. Bf4 Qf8 18. a4 h6 19. Nh4 Kh7 20. Nxf5 g6 21. Nxd6 Bxd4 22. Re1 Nf6 23. Qc2 Ng4 24. Qc7+ Qg7 25. Re7 Bxf2+ 26. Kf1 Nxh2+ 27. Kxf2 1-0

[Event "GER CupT 1819 prel3"]
[Site "Bad Schwartau"]
[Date "2019.01.26"]
[Round "1.1"]
[White "Wiegmann, Sascha"]
[Black "Schmidek, Emil"]
[Result "1/2-1/2"]
[WhiteElo "2277"]
[BlackElo "2381"]
[PlyCount "146"]
[EventDate "2019.01.26"]
[EventType "team-k.o."]
[EventRounds "2"]
[EventCountry "GER"]
[SourceTitle "EXT 2021"]
[Source "ChessBase"]
[SourceDate "2020.10.23"]
[SourceVersion "1"]
[SourceVersionDate "2020.10.23"]
[SourceQuality "1"]
[WhiteTeam "Bad Schwartau"]
[BlackTeam "Berlin SF"]
[WhiteTeamCountry "GER"]
[BlackTeamCountry "GER"]

1. Nf3 Nf6 2. g3 g6 3. Bg2 Bg7 4. 0-0 0-0 5. d3 d5 6. Nbd2 c5 7. e4 Nc6 8. c3 Qc7 9. Re1 d4 10. cxd4 cxd4 11. Nc4 e5 12. a4 Be6 13. b3 Rfd8 14. Ba3 Bh6 15. Bc1 Bf8 16. Bg5 Be7 17. Rc1 Qb8 18. Qe2 Kg7 19. h3 b5 20. Ncxe5 Nxe5 21. Nxe5 Qxe5 22. f4 Qb8 23. e5 Ng8 24. Bxa8 Qxa8 25. Rc7 Rd7 26. Rxd7 Bxd7 27. e6 Bxe6 28. Bxe7 Nxe7 29. Qe5+ Kg8 30. Qxd4 bxa4 31. bxa4 Bxh3 32. Qe4 Qxe4 33. dxe4 Bd7 34. a5 a6 35. Kf2 Bb5 36. Ke3 Nc6 37. Ra1 Kf8 38. g4 h6 39. e5 Ke7 40. Rh1 Nxa5 41. Rxh6 Nc6 42. Ke4 Nb4 43. f5 Bd3+ 44. Kf4 gxf5 45. gxf5 Nd5+ 46. Kg5 a5 47. Rd6 f6+ 48. Kh6 Bxf5 49. Rxd5 a4 50. Kg7 fxe5 51. Rxe5+ Be6 52. Ra5 Bb3 53. Ra6 Kd7 54. Kf6 Kc7 55. Ke5 Kb7 56. Rh6 Kc7 57. Rh3 Kc6 58. Kd4 Kd6 59. Kc3 Kc5 60. Rh4 Kd5 61. Kb4 Kc6 62. Rd4 Kb6 63. Rd6+ Kc7 64. Kc5 a3 65. Ra6 a2 66. Ra7+ Kd8 67. Kd6 Ke8 68. Ke5 Kd8 69. Kf6 Ke8 70. Kf5 Kd8 71. Ke5 Ke8 72. Kd6 Kf8 73. Ra3 Kf7 1/2-1/2